Madicken. / (Record no. 7073)
[ view plain ]
| 000 -LEADER | |
|---|---|
| fixed length control field | 00598nam a2200217 a 4500 |
| 001 - CONTROL NUMBER | |
| JCCL Control Number | 7073 |
| 003 - CONTROL NUMBER IDENTIFIER | |
| JCCL marc code | UkOxU |
| 005 - DATE AND TIME OF LATEST TRANSACTION | |
| control field | 20180204175220.0 |
| 008 - FIXED-LENGTH DATA ELEMENTS--GENERAL INFORMATION | |
| fixed length control field | 860101s1963 enka j 000 1 eng d |
| 035 ## - SYSTEM CONTROL NUMBER | |
| system control number | (BD-JhCC)7073 |
| 040 ## - CATALOGING SOURCE | |
| Original cataloging agency | EYW |
| Transcribing agency | EYW |
| Modifying agency | UKM |
| -- | EQO |
| 041 1# - LANGUAGE CODE | |
| Language code of Book | eng |
| Language code of original and/or intermediate translations of text | und |
| 082 ## - DEWEY DECIMAL CLASSIFICATION NUMBER | |
| Classification number | 839.737 |
| DDC Edition number | 18 |
| Author mark and Year | LIN 1963 |
| 100 1# - MAIN ENTRY--PERSONAL NAME | |
| Personal name | Lindgren, Astrid, |
| Dates associated with a name | 1907-2002. |
| 245 10 - TITLE STATEMENT | |
| Title | Madicken. / |
| Statement of responsibility, etc | Translated by Marianne Turner; illustrated by Ilon Wikland |
| 260 ## - PUBLICATION, DISTRIBUTION, ETC. (IMPRINT) | |
| Place of publication, distribution, etc | Oxford University Press : |
| Name of publisher, distributor, etc | London, |
| Date of publication, distribution, etc | 1963 |
| 300 ## - PHYSICAL DESCRIPTION | |
| Pagination | 142 p. |
| Other physical details | illus. |
| Dimensions | 21 cm |
| 650 ## - SUBJECT ADDED ENTRY--TOPICAL TERM | |
| Topical term or geographic name as entry element | Fiction |
| 942 ## - ADDED ENTRY ELEMENTS (KOHA) | |
| Source of classification or shelving scheme | Dewey Decimal Classification |
| Koha item type | Books |
| Source of classification or shelving scheme | Damaged status | Not for loan | Home library | Current library | Shelving location | Date of accession | Total Checkouts | Full call number | Barcode | Date last seen | Copy number | Koha item type |
|---|---|---|---|---|---|---|---|---|---|---|---|---|
| Dewey Decimal Classification | JCC Rouf Library | JCC Rouf Library | General Stacks | 02/04/2018 | 839.737 LIN 1663 | 9675 | 02/04/2018 | C - 1 | Books |